El aguacate. Botánica, producción y usos
Saved in:
| Andre forfattere: | , , |
|---|---|
| Format: | Bog |
| Sprog: | spansk |
| Udgivet: |
Valparaíso, Chile
Ediciones Universitarias de Valparaíso
2015
|
| Udgivelse: | Segunda edición |
| Fag: | |
| Online adgang: | Disponible Online |
| Tags: |
Tilføj Tag
Ingen Tags, Vær først til at tagge denne postø!
|
MARC
| LEADER | 00000cam a2200000 a 4500 | ||
|---|---|---|---|
| 001 | UCE7070 | ||
| 003 | CL-VaPUC | ||
| 005 | 20240513115921.0 | ||
| 008 | 150529e20150000cl |||||||||||||||||spa|d | ||
| 999 | |c 359211 |d 359209 | ||
| 020 | |a 9789561706255 | ||
| 040 | |c Pontificia Universidad Católica de Valparaíso | ||
| 082 | 0 | 4 | |a 634.653 SCH 2015 |2 21 |
| 100 | 0 | |a Schaffer, Bruce |e editor |9 579795 | |
| 245 | 1 | 3 | |a El aguacate. |b Botánica, producción y usos |
| 250 | |a Segunda edición | ||
| 260 | |a Valparaíso, Chile |b Ediciones Universitarias de Valparaíso |c 2015 | ||
| 300 | |a 635 páginas | ||
| 583 | |a last modification |c 20150529 15:00:00 |k Rodrigo Vera | ||
| 650 | 0 | |a Palta (Aguacate) |x Cultivo |9 403461 | |
| 650 | 0 | |a Producción |x Usos |9 880754 | |
| 650 | 0 | |a Persea americana |x Palta |x Aguacate |9 403599 | |
| 700 | 0 | |a Wolstenholme, B. Nigel |e editor |9 579796 | |
| 700 | 0 | |a Whiley, Anthony W |e editor |9 579797 | |
| 856 | |u https://bibliografiadigital.pucv.cl/index.php/bibliotecapucv/catalog/book/391 |y Disponible Online | ||
| 942 | |c BK |2 ddc | ||
| 945 | |d 20150529 15:00:00 |a cmena | ||
| 952 | |0 0 |1 0 |3 erb |4 0 |6 634_653000000000000_SCH_2015 |7 0 |8 R |9 468316 |a BIBAGR |b BIBAGR |i 5160537 |l 22 |o 634.653 SCH 2015 |p 5160537 |r 2025-01-20 |s 2024-08-12 |w 2019-11-23 |y BK_R |z Catalogado en:20150529 |k AGR | ||
| 952 | |0 0 |1 0 |3 erb |4 0 |6 634_653000000000000_SCH_2015 |7 0 |8 R |9 468317 |a BIBAGR |b BIBAGR |i 5244838 |l 21 |o 634.653 SCH 2015 |p 5244838 |r 2025-04-15 |s 2025-04-11 |w 2019-11-23 |y BK_R |z Catalogado en:20151022 |k AGR | ||
| 952 | |0 0 |1 0 |3 erb |4 0 |6 634_653000000000000_SCH_2015 |7 0 |8 R |9 468318 |a BIBAGR |b BIBAGR |i 5244889 |l 10 |o 634.653 SCH 2015 |p 5244889 |r 2025-01-20 |s 2023-04-14 |w 2019-11-23 |y BK_R |z Catalogado en:20151022 |k AGR | ||
| 952 | |0 0 |1 0 |3 erb |4 0 |6 634_653000000000000_SCH_2015 |7 0 |8 R |9 468320 |a BIBAGR |b BIBAGR |i 5244862 |l 6 |o 634.653 SCH 2015 |p 5244862 |r 2025-01-20 |s 2023-05-16 |w 2019-11-23 |y BK_R |z Catalogado en:20151022 |k AGR | ||
| 952 | |0 0 |1 0 |3 erb |4 0 |6 634_653000000000000_SCH_2015 |7 0 |8 R |9 468321 |a BIBAGR |b BIBAGR |i 524482K |l 15 |m 2 |o 634.653 SCH 2015 |p 524482K |r 2025-01-20 |s 2023-05-16 |w 2019-11-23 |y BK_R |z Catalogado en:20151022 |k AGR | ||
| 952 | |0 0 |1 0 |3 erb |4 0 |6 634_653000000000000_SCH_2015 |7 0 |8 R |9 468322 |a BIBAGR |b BIBAGR |i 5244919 |l 7 |o 634.653 SCH 2015 |p 5244919 |r 2025-01-20 |s 2023-05-15 |w 2019-11-23 |y BK_R |z Catalogado en:20151022 |k AGR | ||
| 952 | |0 0 |1 0 |3 erb |4 0 |6 634_653000000000000_SCH_2015 |7 0 |8 R |9 468323 |a BIBAGR |b BIBAGR |i 5244900 |l 20 |m 1 |o 634.653 SCH 2015 |p 5244900 |r 2025-03-24 |s 2025-03-20 |w 2019-11-23 |y BK_R |z Catalogado en:20151022 |k AGR | ||
| 952 | |0 0 |1 0 |3 erb |4 0 |6 634_653000000000000_SCH_2015 |7 0 |8 R |9 468324 |a BIBAGR |b BIBAGR |i 5244927 |l 13 |o 634.653 SCH 2015 |p 5244927 |r 2025-01-20 |s 2023-05-17 |w 2019-11-23 |y BK_R |z Catalogado en:20151022 |k AGR | ||
| 952 | |0 0 |1 0 |3 erb |4 0 |6 634_653000000000000_SCH_2015 |7 0 |8 R |9 468325 |a BIBAGR |b BIBAGR |i 5244935 |l 18 |o 634.653 SCH 2015 |p 5244935 |r 2025-04-21 |s 2025-04-16 |w 2019-11-23 |y BK_R |z Catalogado en:20151022 |k AGR | ||
| 952 | |0 0 |1 0 |3 erb |4 0 |6 634_653000000000000_SCH_2015 |7 0 |8 R |9 468326 |a BIBAGR |b BIBAGR |i 5244846 |l 10 |o 634.653 SCH 2015 |p 5244846 |r 2025-01-20 |s 2023-03-23 |w 2019-11-23 |y BK_R |z Catalogado en:20151022 |k AGR | ||
| 952 | |0 0 |1 0 |3 erb |4 0 |6 634_653000000000000_SCH_2015 |7 0 |8 R |9 468327 |a BIBAGR |b BIBAGR |i 5244854 |l 20 |o 634.653 SCH 2015 |p 5244854 |r 2025-01-20 |s 2023-05-16 |w 2019-11-23 |y BK_R |z Catalogado en:20151022 |k AGR | ||
| 952 | |0 0 |1 1 |2 ddc |3 erb |4 0 |6 634_653000000000000_SCH_2015 |7 0 |8 R |9 468328 |a BIBAGR |b BIBAGR |i 5244897 |o 634.653 SCH 2015 |p 5244897 |r 2023-06-22 |w 2019-11-23 |y BK_R |z Catalogado en:20151022 |k AGR | ||
| 952 | |0 0 |1 0 |3 erb |4 0 |6 634_653000000000000_SCH_2015 |7 0 |8 R |9 468329 |a BIBAGR |b BIBAGR |i 524496K |l 4 |o 634.653 SCH 2015 |p 524496K |r 2025-01-20 |s 2022-12-09 |w 2019-11-23 |y BK_R |z Catalogado en:20151022 |k AGR | ||
| 952 | |0 0 |1 0 |3 erb |4 0 |6 634_653000000000000_SCH_2015 |7 0 |8 R |9 468330 |a BIBAGR |b BIBAGR |i 5244951 |l 3 |o 634.653 SCH 2015 |p 5244951 |r 2025-01-20 |s 2022-05-03 |w 2019-11-23 |y BK_R |z Catalogado en:20151022 |k AGR | ||
| 952 | |0 0 |1 0 |3 erb |4 0 |6 634_653000000000000_SCH_2015 |7 0 |8 R |9 468331 |a BIBAGR |b BIBAGR |i 5244943 |l 15 |o 634.653 SCH 2015 |p 5244943 |r 2025-01-20 |s 2023-05-16 |w 2019-11-23 |y BK_R |z Catalogado en:20151022 |k AGR | ||